书目信息 |
| 题名: |
电路分析
|
|
| 作者: | 李于凡 , 王定中 主编 | |
| 分册: | ||
| 出版信息: | 广州 华南理工大学出版社 2000 |
|
| 页数: | 426页 | |
| 开本: | 26cm | |
| 丛书名: | ||
| 单 册: | ||
| 中图分类: | TM133 | |
| 科图分类: | ||
| 主题词: | 电路理论--电路分析 | |
| 电子资源: | ||
| ISBN: | 7-5623-1418-7 | |
| 000 | 00587nam0 2200205 45 | |
| 001 | 0306101601 | |
| 005 | 20031219104110.7 | |
| 010 | @a7-5623-1418-7@dCNY42.00 | |
| 100 | @a20030610d2000 km y0chiy0120 ea | |
| 101 | 0 | @achi |
| 105 | @a z 000yy | |
| 200 | 1 | @a电路分析@ADian Lu Fen Xi@f李于凡,王定中主编@FLi Yu Fan,Wang Ding Zhong Zhu Bian |
| 210 | @a广州@c华南理工大学出版社@d2000 | |
| 215 | @a426页@d26cm | |
| 606 | 0 | @a电路理论@x电路分析 |
| 690 | @aTM133@v4 | |
| 701 | 0 | @a李于凡@4主编 |
| 701 | 0 | @a王定中@4主编 |
| 801 | @aCN@bTSTC@c20030610 | |
| 905 | @b323868-872@dTM133@e113@f5 | |
| 电路分析/李于凡,王定中主编.-广州:华南理工大学出版社,2000 |
| 426页;26cm |
| ISBN 7-5623-1418-7:CNY42.00 |
| ● |
| 相关链接 |
|
|
|
|
正题名:电路分析
索取号:TM133/113
 
预约/预借
| 序号 | 登录号 | 条形码 | 馆藏地/架位号 | 状态 | 备注 |
| 1 | 0323868 | 203238683 | 第三借阅区/ [索取号:TM133/113] | 在馆 | |
| 2 | 0323869 | 203238692 | 第三借阅区/ [索取号:TM133/113] | 在馆 | |
| 3 | 0323870 | 203238709 | 第三借阅区/ [索取号:TM133/113] | 在馆 | |
| 4 | 0323871 | 203238718 | 第三借阅区/ [索取号:TM133/113] | 在馆 | |
| 5 | 0323872 | 203238727 | 第二样本阅览室/ [索取号:TM133/113] | 在馆 |